Target investments (Record no. 80685)

MARC details
000 -LEADER
fixed length control field 01078cab a22002055a 4500
001 - CONTROL NUMBER
control field L145038
008 - FIXED-LENGTH DATA ELEMENTS--GENERAL INFORMATION
fixed length control field 080902e20080830xxka f 000 0 eng d
035 ## - SYSTEM CONTROL NUMBER
System control number (Sirsi) u145038
041 0# - LANGUAGE CODE
Language code of text/sound track or separate title eng
100 1# - MAIN ENTRY--PERSONAL NAME
Personal name Maccallum, Sara
245 00 - TITLE STATEMENT
Title Target investments
260 ## - PUBLICATION, DISTRIBUTION, ETC.
Date of publication, distribution, etc. 2008
490 ## - SERIES STATEMENT
Series statement Estates Gazette
Volume/sequential designation (0834) 30 August 2008, 92-93(2)
520 ## - SUMMARY, ETC.
Summary, etc. Discusses the rise of property funds as UK property values fall, indicating that investors perceive them as fair value as medium term investments. Since December 2007, 21 UK property funds have launched, with an aggregate target gross asset value (GAV) of £11.3 billion. This is a considerable increase on the 19 funds launched from December 2006 to November 2007, with a GAV of £4.25 billion. Clarifies the differences between and the benefits of investing in limited partnerships (LPs); limited liability partnerships (LLPs) and offshore unit trusts.
651 #4 - SUBJECT ADDED ENTRY--GEOGRAPHIC NAME
Geographic name United Kingdom
Chronological subdivision
690 ## - LOCAL SUBJECT ADDED ENTRY--TOPICAL TERM (OCLC, RLIN)
Topical term or geographic name as entry element PROPERTY-PROPERTY FINANCE AND INVESTMENT
700 1# - ADDED ENTRY--PERSONAL NAME
Personal name Stone, Nigel
700 1# - ADDED ENTRY--PERSONAL NAME
Personal name Wilmot-Smith, Andrew
942 ## - ADDED ENTRY ELEMENTS (KOHA)
Suppress in OPAC 0
Holdings
Withdrawn status Lost status Source of classification or shelving scheme Damaged status Not for loan Home library Current library Shelving location Date acquired Total Checkouts Full call number Barcode Date last seen Copy number Price effective from Koha item type
    Dewey Decimal Classification     London London Journal article 02/09/2008   ONLINE PUBLICATION 145038-1001 06/08/2019 1 06/08/2019 Journal article